|
|
|
|
| LEADER |
00816cam a2200217 7i4500 |
| 001 |
0000066140 |
| 005 |
20220207090000.0 |
| 020 |
|
|
|a 9780128177990
|
| 100 |
1 |
|
|a Oberbroeckling, Lisa A
|
| 245 |
1 |
0 |
|a Programming mathematics using MATLAB
|c Lisa A. Oberbroeckling.
|
| 264 |
|
|
|a London ; San Diego, CA:
|b Academic Press,
|c 2022.
|
| 300 |
|
|
|a 1 online resource (xv, 275 pages):
|b illustrations, text file, PDF.
|
| 336 |
|
|
|a text
|2 rdacontent
|
| 337 |
|
|
|a computer
|2 rdamedia
|
| 338 |
|
|
|a online resource
|2 rdacarrier
|
| 650 |
0 |
0 |
|a MATLAB
|
| 650 |
0 |
0 |
|a Engineering mathematics --
|x Data processing
|
| 655 |
0 |
0 |
|a Electronic books
|
| 856 |
4 |
2 |
|u http://library.unisel.edu.my/web/guest/mylibrary
|
| 997 |
|
|
|a Engineering & Life Sciences, Faculty
|b Engineering, Department
|
| 999 |
|
|
|a EBO0010856
|b EBOOK
|c EBOOK
|e Electronic resources
|